000 00458nam a2200169 a 4500
005 20140412111308.0
008 000818s19uu xx 00 eng d
020 _a0-02-778025-2
050 _aTR(PS E
_bEv7Pe 1993
100 _aRylant, Cynthia
245 _aEveryday pets /
_cCynthia Rylant.
260 _aNew York :
_bBradbury Press,
_c1993.
300 _a1 v. (unp.) ; ill.
440 _aThe Everyday Books
650 _aPets-Fiction
999 _c103804
_d103804